000 00158nam a22000857a 4500
003 SGT
245 _ashadhna
260 _aIndia
_bspringer
_c2019
942 _2ddc
_cLJ
999 _c17880
_d17880